000 00334nam a22001457a 4500
020 _a81-89999-09-5
082 _a823
_bPAI/B
100 _aPAI, ANANT
245 _aA BAG OF GOLD COINS
260 _aMUMBAI
_bAMAR CHITHRA KATHA
300 _a31
520 _aENGLISH SHORT STORY
650 _aENGLISH SHORT STORY
_zMUMBAI
942 _cBK
999 _c5331
_d5331